Eyewitness to Early Reform in Myanmar (Record no. 351105)
[ view plain ]
| 000 -LEADER | |
|---|---|
| fixed length control field | 00521nam a2200145Ia 4500 |
| 008 - FIXED-LENGTH DATA ELEMENTS--GENERAL INFORMATION | |
| fixed length control field | 171212s9999 xx 000 0 und d |
| 020 ## - INTERNATIONAL STANDARD BOOK NUMBER | |
| International Standard Book Number | 9781925022988 |
| 100 ## - MAIN ENTRY--PERSONAL NAME | |
| Personal name | Trevor Wilson, |
| 245 ## - TITLE STATEMENT | |
| Statement of responsibility, etc | Trevor Wilson, |
| Title | Eyewitness to Early Reform in Myanmar |
| 260 ## - PUBLICATION, DISTRIBUTION, ETC. (IMPRINT) | |
| Name of publisher, distributor, etc | ANU E Press |
| Date of publication, distribution, etc | 2016 |
| 440 ## - SERIES STATEMENT/ADDED ENTRY--TITLE | |
| Title | Asian Studies Series |
| 650 ## - SUBJECT ADDED ENTRY--TOPICAL TERM | |
| Topical term or geographic name as entry element | Democratization -- Burma; Government, Resistance to -- Burma; Burma -- Politics and government -- 1988- |
| 650 ## - SUBJECT ADDED ENTRY--TOPICAL TERM | |
| Topical term or geographic name as entry element | Political Science |
| 856 ## - ELECTRONIC LOCATION AND ACCESS | |
| Uniform Resource Identifier | <a href="http://jstor.org/stable/j.ctt1bw1hbp">http://jstor.org/stable/j.ctt1bw1hbp</a> |
| Withdrawn status | Lost status | Damaged status | Home library | Current library | Date acquired | Total Checkouts | Date last seen | Price effective from | Koha item type |
|---|---|---|---|---|---|---|---|---|---|
| College Library | College Library | 12/12/2017 | 12/12/2017 | 12/12/2017 | Curriculum - Based eBooks |